[Event "Lvov Buturina Memorial 2nd"]
[Site "Lvov"]
[Date "2022.11.19"]
[Round "5"]
[White "Medvedyk, Volodymyr"]
[Black "Sharipov, Artur"]
[Result "0-1"]
[WhiteElo "2158"]
[BlackElo "2026"]
[PlyCount "88"]
[EventDate "2022.11.18"]
[EventType "swiss (rapid)"]
[EventRounds "9"]
[EventCountry "UKR"]
[SourceTitle "CBM 212 Extra"]
[Source "ChessBase"]
[SourceDate "2023.03.31"]
[SourceVersion "1"]
[SourceVersionDate "2023.03.31"]
[SourceQuality "1"]

1. c4 Nf6 2. g3 c6 3. Nf3 d5 4. Bg2 Bf5 5. cxd5 cxd5 6. Qb3 Qc8 7. Nc3 e6 8. d3 Nc6 9. 0-0 h6 10. Qa4 Nd7 11. Nh4 Bh7 12. e4 Nc5 13. Qb5 a6 14. Qb6 d4 15. Nd5 Bd6 16. e5 Nd7 17. Qb3 Bxe5 18. f4 Bd6 19. f5 exd5 20. Qxd5 Qc7 21. Re1+ Nde5 22. Nf3 0-0 23. f6 Nxf3+ 24. Qxf3 Ne5 25. Qh5 Rfe8 26. Bxh6 gxh6 27. Rac1 Qd8 28. Qxh6 Bf8 29. Qg5+ Ng6 30. h4 Qd6 31. h5 Re5 32. Qg4 Qxf6 33. hxg6 Bxg6 34. Rf1 Qg5 35. Qxg5 Rxg5 36. Bxb7 Rb8 37. Bxa6 Rxb2 38. Rf2 Rxg3+ 39. Kf1 Rxf2+ 40. Kxf2 Rh3 41. Rg1 Rh2+ 42. Rg2 Rxg2+ 43. Kxg2 Kg7 44. Kf3 Kf6 0-1

[Event "Lvov Buturina Memorial 2nd"]
[Site "Lvov"]
[Date "2022.11.18"]
[Round "2"]
[White "Sharipov, Artur"]
[Black "Mishchuk, Marian"]
[Result "1-0"]
[WhiteElo "2026"]
[BlackElo "1503"]
[PlyCount "67"]
[EventDate "2022.11.18"]
[EventType "swiss (rapid)"]
[EventRounds "9"]
[EventCountry "UKR"]
[SourceTitle "CBM 212 Extra"]
[Source "ChessBase"]
[SourceDate "2023.03.31"]
[SourceVersion "1"]
[SourceVersionDate "2023.03.31"]
[SourceQuality "1"]

1. d4 Nf6 2. c4 c5 3. d5 b5 4. cxb5 a6 5. bxa6 Bxa6 6. g3 d6 7. Nc3 g6 8. h4 Bg7 9. Nh3 Nbd7 10. Nf4 0-0 11. h5 Re8 12. hxg6 hxg6 13. Bh3 Nf8 14. Bg2 Rb8 15. Nd3 e6 16. 0-0 exd5 17. Nxd5 Nxd5 18. Bxd5 c4 19. Nf4 c3 20. Rb1 cxb2 21. Be3 Qd7 22. Re1 Bc3 23. Bd4 Bxe1 24. Qxe1 Nh7 25. Bxb2 g5 26. Qc3 Rxb2 27. Rxb2 gxf4 28. Rb6 Qc8 29. Qb3 Ng5 30. gxf4 Nh3+ 31. Kh2 Rxe2 32. Rb8 Nxf4 33. Rxc8+ Bxc8 34. Qg3+ 1-0

[Event "UKR-ch U20"]
[Site "Mykolaiv"]
[Date "2018.02.28"]
[Round "8"]
[White "Galperin, Platon"]
[Black "Sharipov, Artur"]
[Result "1-0"]
[WhiteElo "2332"]
[BlackElo "2029"]
[PlyCount "199"]
[EventDate "2018.02.21"]
[EventType "swiss"]
[EventRounds "9"]
[EventCountry "UKR"]
[SourceTitle "CBM 183 Extra"]
[Source "ChessBase"]
[SourceDate "2018.04.19"]
[SourceVersion "1"]
[SourceVersionDate "2018.04.19"]
[SourceQuality "1"]

1. Nf3 Nf6 2. c4 e6 3. g3 d5 4. Bg2 Be7 5. 0-0 0-0 6. b3 c5 7. Bb2 Nc6 8. e3 h6 9. d4 Qb6 10. dxc5 Qxc5 11. Nbd2 Rd8 12. Qe2 Bd7 13. cxd5 exd5 14. Rfc1 Qb6 15. Nb1 Bg4 16. Nc3 Ne4 17. Na4 Qb4 18. h3 Bh5 19. g4 Bg6 20. Qe1 Qd6 21. Nc3 Nxc3 22. Bxc3 Be4 23. Nd4 Nxd4 24. Bxd4 Bf6 25. Bxf6 Qxf6 26. Rc7 b6 27. Rac1 Re8 28. Qc3 Qg5 29. Qc6 h5 30. Qd7 Rf8 31. Bxe4 dxe4 32. Qf5 Qxf5 33. gxf5 Rfe8 34. R1c6 Re5 35. f6 Rd8 36. Rc8 Rxc8 37. Rxc8+ Kh7 38. Rc7 Kg8 39. fxg7 Ra5 40. a4 Kxg7 41. Re7 Kf6 42. Rxe4 b5 43. Kf1 bxa4 44. Rxa4 Rb5 45. b4 Kg6 46. Ke2 Rb7 47. h4 Rd7 48. e4 f6 49. Ke3 Kh6 50. Ra6 Kg7 51. f4 Rb7 52. Ra4 Rd7 53. Ra5 Kg6 54. Ra6 Kg7 55. Ra5 Kg6 56. f5+ Kf7 57. Rd5 Rb7 58. b5 Ke7 59. Kd4 Rc7 60. Rc5 Rd7+ 61. Kc4 Kf7 62. Rc6 Re7 63. Kd4 Rb7 64. Kc5 Re7 65. Re6 Rc7+ 66. Kd6 Rb7 67. Kc6 Rb6+ 68. Kc5 Rb7 69. Kb4 Rc7 70. Rc6 Re7 71. Rc4 Rb7 72. Ka5 Re7 73. Ka6 Kg7 74. Rd4 Kf7 75. Rd8 Kg7 76. Rd4 Kf7 77. Rc4 Kg7 78. Rb4 Kf7 79. Rc4 Kg7 80. Ka5 Kf7 81. Kb4 Rb7 82. Kc5 Ke7 83. Ra4 Rc7+ 84. Kd5 Rb7 85. Kc6 Rb6+ 86. Kc5 Rb7 87. Ra6 Rc7+ 88. Kd5 Kf7 89. e5 fxe5 90. Kxe5 Rb7 91. Kf4 Rxb5 92. Rxa7+ Kf6 93. Ra6+ Kg7 94. Kg5 Kf7 95. Ra7+ Kf8 96. Kg6 Rb4 97. Ra8+ Ke7 98. f6+ Ke6 99. Re8+ Kd7 100. f7 1-0

[Event "UKR-ch U20"]
[Site "Mykolaiv"]
[Date "2018.02.25"]
[Round "5"]
[White "Sharipov, Artur"]
[Black "Gayun, Dmytro"]
[Result "1/2-1/2"]
[WhiteElo "2029"]
[BlackElo "2263"]
[PlyCount "168"]
[EventDate "2018.02.21"]
[EventType "swiss"]
[EventRounds "9"]
[EventCountry "UKR"]
[SourceTitle "CBM 183 Extra"]
[Source "ChessBase"]
[SourceDate "2018.04.19"]
[SourceVersion "1"]
[SourceVersionDate "2018.04.19"]
[SourceQuality "1"]

1. e4 d5 2. exd5 Qxd5 3. Nc3 Qd6 4. Nf3 Nf6 5. Bc4 Bg4 6. Nb5 Qb6 7. d3 e6 8. h3 Bxf3 9. Qxf3 a6 10. Be3 c5 11. Nc3 Nc6 12. Bb3 Nd4 13. Ba4+ Kd8 14. Qd1 Bd6 15. Qd2 Kc7 16. 0-0 Rad8 17. Rab1 Kb8 18. a3 e5 19. Ne2 Bc7 20. b4 c4 21. Bxd4 exd4 22. dxc4 d3 23. cxd3 Ne4 24. Qc2 Qd6 25. f4 Qxd3 26. Qxd3 Rxd3 27. Ra1 Re3 28. Rfe1 Rd8 29. Bc2 Rd2 30. Nd4 Bxf4 31. Bxe4 Rxd4 32. Bd5 b5 33. Red1 Be5 34. Rac1 Rxa3 35. cxb5 axb5 36. Rxd4 Bxd4+ 37. Kh1 Ra4 38. Rb1 Ka7 39. Bxf7 Bc3 40. Kg1 Bxb4 41. Kf2 Kb6 42. Kf3 h6 43. Ke4 Bc3+ 44. Kf5 b4 45. h4 Ra7 46. Kg6 Rd7 47. g4 Rd4 48. Kf5 Kb5 49. Rh1 Ka4 50. Rb1 Rd6 51. g5 hxg5 52. Kxg5 Rf6 53. Bg8 Rb6 54. Rb3 Rb8 55. Bf7 Rf8 56. Bd5 Rd8 57. Bf7 Rd7 58. Bg8 Rd3 59. Kg4 Rd2 60. h5 Rg2+ 61. Kf4 Rg1 62. Be6 Kb5 63. Bg8 Kc5 64. Ke4 Re1+ 65. Kd3 Rd1+ 66. Ke4 Kd6 67. Bh7 Re1+ 68. Kd3 Ke5 69. Kc4 Rh1 70. Bg6 Rh4+ 71. Kb5 Kd4 72. Rb1 Rh2 73. Rd1+ Bd2 74. Ka4 Kc3 75. Rb1 Kc4 76. Bf7+ Kc5 77. Rb2 Rf2 78. Bg6 Kd4 79. Rc2 Ke3 80. Kb3 Rf3 81. Rb2 Kd4+ 82. Ka2 Ra3+ 83. Kb1 Bc3 84. Ra2 Rb3+ 1/2-1/2